000 01462 a2200205 4500
001 25015
005 20260407155533.0
008 260407a1967 arg spa d
003 AR-UNSa-BCEJYS
040 _aAR-UNSa-BCEJYS
_bspa
_cAR-UNSa-BCEJYS
080 _a519.25
_xTratamiento de datos estadísticos (encuestas...)
245 1 0 _aPráctica de las encuestas estadísticas
264 1 _aBarcelona :
_bAriel
_c1967
300 _a351 p.
_c23 cm.
505 _aParte I : La preparación de la encuesta : 1. Determinación del objeto de la encuesta - 2. Clasificaciones, nomenclaturas y códigos - 3. Determinación y delimitación del conjunto a observar - 4. Métodos generales de observación de los hechos - 5. El cuestionario - 6. La coordinación de las encuestas estadísticas - 7. Elección de las unidades estadísticas a observar - 8. La información al público en materia de proyectos de encuestas estdísticas - Parte II : 9. Distribución de los cuestionarios, e interrogante de la encuesta - 10. Los encuestadores - 11. La devolución (recogida) de los cuestionarios - Parte III : Manejo de los cuestionarios contestados : 12. Estado de los cuestionarios contestados y comprobación - 13. Elección del método de elaboración - 14. Codificación de los cuestionarios - 15. Control de las tablas de resultados.
942 _cBK
590 _aniveau_biblio:m niveau_hierar:0
100 1 _aChevry, Garbriel -R
700 1 _aHerranz Yuste, Alejandro
999 _c1260
_d1260